00511nam a2200133Ia 4500008004100000082001700041100002000058245004700078260004100125300001100166650008000177952010300257999001700360120622s9999 xx 000 0 und d a863.87 H565p aHerrera, Alicia aPusimos la bomba y qué? / Alicia Herrera aMéxico : Presencia latinoamericana a210 p. a1. TERRORISMO - NOVELA \ 2. NOVELA VENEZOLANA \ 3. LITERATURA VENEZOLANAÌ 00104070a22b22d2007-01-25l1o863.87 H565Pp01 005079r2017-11-07s2017-11-07w2012-06-24yLB c57406d57406